| 000 | 00463nam a2200109Ia 4500 | ||
|---|---|---|---|
| 008 | 171211s9999 xx 000 0 und d | ||
| 245 | _aBuild Native Cross-platform Apps With Appcelerator: A Beginner’s Guide For Web Developers | ||
| 245 | _cRicardo Alcocer | ||
| 260 | _c2015 | ||
| 650 | _xWeb Development | ||
| 856 | _uhttp://down.ebook777.com/003/Build%20Native%20Cross-Platform%20Apps%20with%20Appcelerator%20A%20beginner's%20guide%20for%20Web%20Developers.pdf | ||
| 999 |
_c350132 _d350132 |
||